ČSN 03 1018* Harmonické převodovky a elektropřevodovky s ozubenými koly všeobecného použití Řady základních parametrů

Podrobná bibliografia
Médium: Kniha
Jazyk:neznámy jazyk
Fyzický popis:4 s.
Vydavateľské údaje: Praha ÚNM 1984

MARC

LEADER 00000nam a2200000 a 4500
001 vtls001295319
003 SK-MaSNL
005 20260224105653.0
008 210928s1984 xx 0 und
035 |a SNK000247132 
040 |a SNK  |b slo  |c SNK  |e AACR2 
245 1 |a ČSN 03 1018* Harmonické převodovky a elektropřevodovky s ozubenými koly všeobecného použití  |b Řady základních parametrů 
260 |a Praha  |b ÚNM  |c 1984 
300 |a 4 s. 
958 |a OND 
999 |c 973165  |d 975095 
952 |t P60, <04>, [BOOK], {604}  |a SNK  |b SNK  |y VYP  |7 0  |p 17A0083759  |o snkČSN 03 1018*  |0 0  |1 0  |4 0  |d 1997-07-21  |l 0  |r 2005-01-02 00:00:00  |w 2026-02-24